[Event "FRA T II 20102011"]
[Site "FRA"]
[Date "2010.10.17"]
[Round "1.5"]
[White "Saliou, Jean Yves"]
[Black "Bentout, Pascal"]
[Result "1/2-1/2"]
[WhiteElo "2000"]
[BlackElo "2154"]
[PlyCount "64"]
[EventDate "2010.11.13"]
[EventType "team-match"]
[EventRounds "9"]
[EventCountry "FRA"]
[Source "FFE"]
[SourceDate "2010.10.29"]

1. e4 e5 2. Nf3 Nc6 3. d4 exd4 4. Nxd4 Nf6 5. Nc3 Bb4 6. Nxc6 bxc6 7. Bd3 d5 8.
O-O O-O 9. exd5 cxd5 10. Bg5 c6 11. Qf3 Re8 12. Rfe1 Be6 13. Qf4 Bd6 14. Qh4 h6
15. Bxf6 Qxf6 16. Qxf6 gxf6 17. Ne2 Be5 18. c3 Rab8 19. Rab1 c5 20. Ng3 Kf8 21.
Nh5 Bg4 22. Ng3 c4 23. Bf5 Bxg3 24. Rxe8+ Kxe8 25. Bxg4 Be5 26. Bf5 d4 27. cxd4
Bxd4 28. b3 c3 29. Kf1 Rb5 30. Bc2 Ke7 31. Rd1 Be5 32. g3 Rc5 1/2-1/2

[Event "FRA T II 20102011"]
[Site "FRA"]
[Date "2010.10.17"]
[Round "1.4"]
[White "Muheim, Sebastien"]
[Black "Marzolf, Bruno"]
[Result "1-0"]
[WhiteElo "2105"]
[BlackElo "2258"]
[PlyCount "61"]
[EventDate "2010.11.13"]
[EventType "team-match"]
[EventRounds "9"]
[EventCountry "FRA"]
[Source "FFE"]
[SourceDate "2010.10.29"]

1. d4 d5 2. c4 Nc6 3. Nf3 Bg4 4. Nc3 e6 5. Bf4 Bb4 6. e3 Nf6 7. Rc1 O-O 8. a3
Bxc3+ 9. Rxc3 Ne4 10. Rc2 Ne7 11. Bd3 c6 12. h3 Bh5 13. O-O Ng6 14. Bg3 f5 15.
Qc1 Bxf3 16. gxf3 Ng5 17. f4 Ne4 18. b4 a6 19. Kh2 h5 20. f3 Nxg3 21. Kxg3 Rf6
22. Rg1 Ne7 23. Kh2 Rg6 24. Rxg6 Nxg6 25. cxd5 cxd5 26. Rc7 Rb8 27. a4 Ne7 28.
Qc5 Rc8 29. Qxe7 Qxc7 30. Qxe6+ Kh8 31. Qxf5 {suite illisible} 1-0

[Event "FRA T II 20102011"]
[Site "FRA"]
[Date "2010.10.17"]
[Round "1.7"]
[White "Bureau, Frederic"]
[Black "Hoffmann, Regis"]
[Result "1/2-1/2"]
[WhiteElo "2022"]
[BlackElo "2117"]
[PlyCount "60"]
[EventDate "2010.11.13"]
[EventType "team-match"]
[EventRounds "9"]
[EventCountry "FRA"]
[Source "FFE"]
[SourceDate "2010.10.29"]

1. d4 g6 2. Nf3 Bg7 3. g3 d6 4. Bg2 Nd7 5. c4 e5 6. dxe5 dxe5 7. Nc3 Ne7 8. O-O
O-O 9. Qc2 c6 10. Rd1 Qc7 11. b3 Nf5 12. Bb2 Re8 13. Ne4 Nf6 14. Nxf6+ Bxf6 15.
e4 Ng7 16. Ba3 Bg4 17. Rd3 Rad8 18. Rad1 Ne6 19. Rxd8 Rxd8 20. Rxd8+ Qxd8 21.
h3 Bxf3 22. Bxf3 Nd4 23. Qc3 Bg5 24. Kg2 Be7 25. Bc1 Bc5 26. Be3 Qb6 27. Bxd4
Bxd4 28. Qd2 a5 29. Bd1 Qc5 30. h4 a4 1/2-1/2

[Event "FRA T II 20102011"]
[Site "FRA"]
[Date "2010.10.17"]
[Round "1.6"]
[White "Clottes, Jean Philippe"]
[Black "Jacquot, Laurent"]
[Result "1/2-1/2"]
[WhiteElo "1970"]
[BlackElo "1935"]
[PlyCount "58"]
[EventDate "2010.11.13"]
[EventType "team-match"]
[EventRounds "9"]
[EventCountry "FRA"]
[Source "FFE"]
[SourceDate "2010.10.29"]

1. e4 c5 2. Nf3 g6 3. d4 Bg7 4. c4 Nc6 5. d5 Ne5 6. Nc3 d6 7. Nxe5 Bxe5 8. Bd3
h5 9. Qc2 Nh6 10. Ne2 Bg4 11. f3 Bd7 12. Bd2 Qc7 13. f4 Bf6 14. Bc3 O-O-O 15.
h3 Rde8 16. O-O-O Kb8 17. Rhf1 Rhg8 18. Rde1 Bh4 19. g3 Bf6 20. Ng1 Bd4 21.
Bxd4 cxd4 22. b4 Rc8 23. Kb2 Qb6 24. Qb3 g5 25. f5 f6 26. a4 a5 27. b5 Nf7 28.
Rc1 g4 29. h4 Ne5 1/2-1/2

[Event "FRA T II 20102011"]
[Site "FRA"]
[Date "2010.10.17"]
[Round "1.3"]
[White "Serafimov, Tervel"]
[Black "Briet, Antoine"]
[Result "1/2-1/2"]
[WhiteElo "2420"]
[BlackElo "2228"]
[PlyCount "58"]
[EventDate "2010.11.13"]
[EventType "team-match"]
[EventRounds "9"]
[EventCountry "FRA"]
[Source "FFE"]
[SourceDate "2010.10.29"]

1. c4 Nf6 2. g3 g6 3. Bg2 Bg7 4. Nc3 O-O 5. d4 d6 6. Nf3 Nc6 7. O-O a6 8. h3
Bd7 9. e4 e5 10. d5 Nd4 11. Nxd4 exd4 12. Qxd4 Qc8 13. Qd3 Bxh3 14. Be3 Qg4 15.
Kh2 Bxg2 16. Kxg2 Nh5 17. Ne2 f5 18. exf5 gxf5 19. Rh1 f4 20. Rh4 f3+ 21. Kg1
Qg6 22. Qxg6 hxg6 23. Nd4 Bxd4 24. Rxd4 Rae8 25. Rg4 Kf7 26. Rc1 Re5 27. Rc3
Rfe8 28. Kh2 Nf6 29. Rf4 Rh5+ 1/2-1/2

[Event "FRA T II 20102011"]
[Site "FRA"]
[Date "2010.10.17"]
[Round "1.5"]
[White "Becht, Lucas"]
[Black "Neuhauser, Salome"]
[Result "1/2-1/2"]
[WhiteElo "2261"]
[BlackElo "2064"]
[PlyCount "53"]
[EventDate "2010.11.13"]
[EventType "team-match"]
[EventRounds "9"]
[EventCountry "FRA"]
[Source "FFE"]
[SourceDate "2010.10.29"]

1. e4 e6 2. d4 d5 3. Nc3 Nf6 4. e5 Nfd7 5. f4 c5 6. Nf3 Nc6 7. Be3 Rb8 8. Qd2
Qa5 9. g3 b5 10. Bg2 b4 11. Ne2 Ba6 12. O-O cxd4 13. Nfxd4 Nxd4 14. Nxd4 Bxf1
15. Nc6 Qc7 16. Nxb8 Nxe5 17. Kxf1 Nc4 18. Qe2 Nxe3+ 19. Qxe3 Qxb8 20. Re1 Qb5+
21. Qd3 Qxd3+ 22. cxd3 Be7 23. f5 O-O 24. Bxd5 Bd6 25. Be4 exf5 26. Bxf5 g6 27.
Bd7 1/2-1/2

[Event "FRA T II 20102011"]
[Site "FRA"]
[Date "2010.10.17"]
[Round "1.7"]
[White "Dabadie, Benoit"]
[Black "Bernier, Jean Claude"]
[Result "1-0"]
[WhiteElo "1935"]
[BlackElo "1990"]
[PlyCount "53"]
[EventDate "2010.11.13"]
[EventType "team-match"]
[EventRounds "9"]
[EventCountry "FRA"]
[Source "FFE"]
[SourceDate "2010.10.29"]

1. d4 d5 2. c4 e6 3. Nf3 Nf6 4. Bg5 c5 5. Nc3 cxd4 6. Nxd4 Be7 7. e3 a6 8. Qa4+
Nc6 9. Nxc6 bxc6 10. Qxc6+ Bd7 11. Qb7 Rb8 12. Qxa6 Rxb2 13. a3 O-O 14. Bd3 Qc7
15. O-O Bc6 16. Nb5 Qd7 17. Nd4 Bb7 18. Qa5 dxc4 19. Bxc4 Be4 20. f3 Bg6 21. a4
Bb4 22. Qb5 Qc7 23. Bf4 Qd7 24. Rfd1 Rd8 25. e4 Qa7 26. Be3 Bc3 27. Qe5 1-0

[Event "FRA T II 20102011"]
[Site "FRA"]
[Date "2010.10.17"]
[Round "1.8"]
[White "Scherrer, Gilles"]
[Black "Criqui, Laurence"]
[Result "1-0"]
[WhiteElo "1714"]
[BlackElo "1620"]
[PlyCount "53"]
[EventDate "2010.11.13"]
[EventType "team-match"]
[EventRounds "9"]
[EventCountry "FRA"]
[Source "FFE"]
[SourceDate "2010.10.29"]

1. e4 e5 2. Nf3 Nc6 3. Bc4 Nf6 4. Ng5 d5 5. exd5 Na5 6. Bb5+ c6 7. dxc6 bxc6 8.
Qf3 h6 9. Ne4 Nd5 10. Nbc3 Be6 11. Ba4 Be7 12. d3 Kf8 13. Bd2 Rb8 14. Bb3 Nxb3
15. axb3 Qd7 16. Be3 Rb7 17. Nc5 Bxc5 18. Bxc5+ Kg8 19. O-O f6 20. Nxd5 Bxd5
21. Qe3 Kf7 22. Ra6 Ra8 23. Rfa1 Kg8 24. Bxa7 Qg4 25. f3 Qf4 26. Qf2 Qb4 27.
Bc5 1-0

[Event "FRA T II 20102011"]
[Site "FRA"]
[Date "2010.11.14"]
[Round "3.3"]
[White "Pozdnjakov, Viatcheslav"]
[Black "Peter, Sebastien"]
[Result "1-0"]
[WhiteElo "2235"]
[BlackElo "2221"]
[PlyCount "52"]
[EventDate "2010.11.13"]
[EventType "team-match"]
[EventRounds "9"]
[EventCountry "FRA"]
[Source "FFE"]
[SourceDate "2010.10.29"]

1. d4 e6 2. Nf3 Nf6 3. e3 b6 4. Bd3 Bb7 5. Nbd2 c5 6. c3 Be7 7. e4 cxd4 8. cxd4
O-O 9. O-O Nc6 10. a3 d6 11. b4 a6 12. Bb2 Nh5 13. g3 g6 14. Qe2 Re8 15. Rfc1
Bf8 16. Rc2 b5 17. Qf1 Rc8 18. Nb3 f5 19. d5 fxe4 20. Bxe4 Ne7 21. Rxc8 Qxc8
22. Rc1 Qa8 23. Qd3 Bxd5 24. Nbd2 Rc8 25. Re1 Bg7 26. Bd4 Nf6 {suite illisible}
1-0

[Event "FRA T II 20102011"]
[Site "FRA"]
[Date "2010.10.17"]
[Round "1.2"]
[White "Filipovic, Branko"]
[Black "Vinke, Andreas"]
[Result "1-0"]
[WhiteElo "2390"]
[BlackElo "2220"]
[PlyCount "49"]
[EventDate "2010.11.13"]
[EventType "team-match"]
[EventRounds "9"]
[EventCountry "FRA"]
[Source "FFE"]
[SourceDate "2010.10.29"]

1. e4 e6 2. d3 d5 3. Qe2 Be7 4. f4 c5 5. Nf3 Nc6 6. c3 Rb8 7. g3 b5 8. Bg2 Nf6
9. e5 Nd7 10. O-O O-O 11. Be3 Qc7 12. Nbd2 f6 13. exf6 Nxf6 14. d4 b4 15. Nb3
bxc3 16. bxc3 Ne4 17. Nxc5 Nxc5 18. dxc5 Qa5 19. Nd4 Bd7 20. Nxc6 Bxc6 21. Bd4
Bd7 22. c6 Bc8 23. Qe5 Bf6 24. Qxb8 Bxd4+ 25. cxd4 1-0

[Event "FRA T II 20102011"]
[Site "FRA"]
[Date "2010.10.17"]
[Round "1.1"]
[White "Esprit, Yohann"]
[Black "Belkhodja, Slim"]
[Result "1/2-1/2"]
[WhiteElo "2226"]
[BlackElo "2451"]
[PlyCount "45"]
[EventDate "2010.11.13"]
[EventType "team-match"]
[EventRounds "9"]
[EventCountry "FRA"]
[Source "FFE"]
[SourceDate "2010.10.29"]

1. e4 c5 2. Nf3 Nc6 3. Bb5 Nf6 4. Nc3 g6 5. O-O Bg7 6. h3 O-O 7. Re1 d6 8. Bxc6
bxc6 9. e5 Nd5 10. exd6 exd6 11. Nxd5 cxd5 12. d4 Bf5 13. c3 Rb8 14. a3 Be4 15.
Be3 Qa5 16. Ng5 Rfe8 17. Nxe4 dxe4 18. Qd2 Rbc8 19. Rec1 c4 20. Bf4 Qd5 21. b4
f6 22. h4 Re6 23. Re1 {suite illisible} 1/2-1/2

[Event "FRA T II 20102011"]
[Site "FRA"]
[Date "2010.10.17"]
[Round "1.2"]
[White "Pozdnjakov, Evgueniy"]
[Black "Spielmann, Alain"]
[Result "0-1"]
[WhiteElo "2218"]
[BlackElo "2283"]
[PlyCount "46"]
[EventDate "2010.11.13"]
[EventType "team-match"]
[EventRounds "9"]
[EventCountry "FRA"]
[Source "FFE"]
[SourceDate "2010.10.29"]

1. d4 c5 2. e3 cxd4 3. exd4 d5 4. Bd3 Nf6 5. h3 Nc6 6. c3 g6 7. Nf3 Bf5 8. Bxf5
gxf5 9. Qb3 Qd7 10. O-O e6 11. Bf4 Be7 12. Ne5 Nxe5 13. Bxe5 Rg8 14. Nd2 Ne4
15. Nxe4 fxe4 16. f3 f6 17. Bh2 O-O-O 18. fxe4 dxe4 19. Qc4+ Qc6 20. Qxc6+ bxc6
21. Rae1 f5 22. Re2 Bh4 23. Bf4 h5 {suite illisible} 0-1

[Event "FRA T II 20102011"]
[Site "FRA"]
[Date "2010.11.13"]
[Round "2.3"]
[White "Grandadam, Patrick"]
[Black "Bastian, Herbert"]
[Result "1-0"]
[WhiteElo "2189"]
[BlackElo "2339"]
[PlyCount "43"]
[EventDate "2010.11.13"]
[EventType "team-match"]
[EventRounds "9"]
[EventCountry "FRA"]
[Source "FFE"]
[SourceDate "2010.10.29"]

1. Nf3 Nf6 2. c4 d6 3. d4 g6 4. Nc3 Bg7 5. e4 O-O 6. Be2 e5 7. O-O Nc6 8. d5
Ne7 9. b4 Ne8 10. Nd2 f5 11. c5 Kh8 12. a4 Ng8 13. Nc4 Ngf6 14. f3 f4 15. Ba3
Rg8 16. cxd6 Nxd6 17. b5 Bf8 18. Rf2 g5 19. h3 h5 20. Kf1 g4 21. hxg4 hxg4 22.
Ke1 {suite illisible} 1-0

[Event "FRA T II 20102011"]
[Site "FRA"]
[Date "2010.10.17"]
[Round "1.1"]
[White "Milov, Leonid"]
[Black "Vicol, Dorian"]
[Result "1-0"]
[WhiteElo "2561"]
[BlackElo "2366"]
[PlyCount "41"]
[EventDate "2010.11.13"]
[EventType "team-match"]
[EventRounds "9"]
[EventCountry "FRA"]
[Source "FFE"]
[SourceDate "2010.10.29"]

1. e4 c5 2. Nf3 Nc6 3. d4 cxd4 4. Nxd4 g6 5. c4 Bg7 6. Be3 Nf6 7. Nc3 d6 8. Be2
Qa5 9. O-O Nxd4 10. Bxd4 O-O 11. a3 Be6 12. b4 Qc7 13. Rc1 Rfc8 14. Nd5 Bxd5
15. exd5 a5 16. Re1 h5 17. Bf3 axb4 18. axb4 Ne8 19. c5 Bxd4 20. Qxd4 dxc5 21.
Rxc5 {suite illisible} 1-0

[Event "FRA T II 20102011"]
[Site "FRA"]
[Date "2010.11.13"]
[Round "2.2"]
[White "Serafimov, Tervel"]
[Black "Schwing, Hans Elmar"]
[Result "1-0"]
[WhiteElo "2418"]
[BlackElo "2299"]
[PlyCount "36"]
[EventDate "2010.11.13"]
[EventType "team-match"]
[EventRounds "9"]
[EventCountry "FRA"]
[Source "FFE"]
[SourceDate "2010.10.29"]

1. c4 e5 2. g3 Nf6 3. Bg2 Nc6 4. Nc3 Bb4 5. Nd5 Bc5 6. e3 O-O 7. Ne2 Nxd5 8.
cxd5 Ne7 9. O-O c6 10. Nc3 Bb4 11. d4 exd4 12. Qxd4 c5 13. Qd3 d6 14. a3 Ba5
15. Rb1 Bg4 16. b4 cxb4 17. axb4 Bb6 18. Na4 Bc7 {suite illisible} 1-0

[Event "FRA T II 20102011"]
[Site "FRA"]
[Date "2010.10.17"]
[Round "1.8"]
[White "Haller, Noemie"]
[Black "Fyl, Oryssia"]
[Result "1-0"]
[WhiteElo "1678"]
[BlackElo "1610"]
[PlyCount "31"]
[EventDate "2010.11.13"]
[EventType "team-match"]
[EventRounds "9"]
[EventCountry "FRA"]
[Source "FFE"]
[SourceDate "2010.10.29"]

1. Nf3 d5 2. g3 c5 3. Bg2 Nf6 4. O-O e6 5. d3 Bd6 6. Nbd2 Nc6 7. e4 O-O 8. Nh4
d4 9. f4 e5 10. f5 Bc7 11. a4 Nb4 12. Nc4 Bd7 13. g4 b5 14. axb5 Ne8 15. b3 h6
16. Nf3 {suite illisible} 1-0

[Event "FRA T II 20102011"]
[Site "FRA"]
[Date "2010.11.14"]
[Round "3.6"]
[White "Ledoux, Alain"]
[Black "Hennion, David"]
[Result "1-0"]
[WhiteElo "1969"]
[BlackElo "1981"]
[PlyCount "169"]
[EventDate "2010.11.13"]
[EventType "team-match"]
[EventRounds "9"]
[EventCountry "FRA"]
[Source "FFE"]
[SourceDate "2010.10.29"]

1. e4 d5 2. exd5 Qxd5 3. Nf3 Nf6 4. d4 Qa5+ 5. c3 Bg4 6. Nbd2 c6 7. Nc4 Qc7 8.
Nce5 Bh5 9. Bf4 Qd8 10. Qb3 Qb6 11. Qc2 Nbd7 12. Nc4 Qd8 13. Be2 Nb6 14. Nce5
e6 15. O-O Be7 16. Rfe1 O-O 17. Bd3 Nbd5 18. Bd2 Rc8 19. h3 Bxf3 20. Nxf3 c5
21. dxc5 Rxc5 22. a3 Nb6 23. Rad1 Rd5 24. Be3 Qc7 25. Bd4 h6 26. Be5 Qc8 27.
Re2 Rfd8 28. Bd4 Qc7 29. Re5 Rxe5 30. Bxe5 Qc6 31. Nd4 Qc5 32. Qe2 Nbd7 33. Bh2
Qb6 34. Re1 Nc5 35. Bc2 Kh8 36. b4 Ncd7 37. Nb5 Rc8 38. c4 a6 39. Nc3 a5 40. c5
Qa7 41. Nb5 Qa8 42. Bd6 Nd5 43. Bxe7 Nxe7 44. Nd6 Rf8 45. Qe4 Nf6 46. Qxb7 Qxb7
47. Nxb7 axb4 48. axb4 Rb8 49. Nd6 Kg8 50. b5 Kf8 51. Ra1 Ne8 52. Nxe8 Kxe8 53.
Ra7 Nc8 54. Ra6 Kd8 55. b6 Ne7 56. Be4 Kd7 57. Ra7+ Kd8 58. Kf1 Rc8 59. b7 Rb8
60. Ke2 Kc7 61. Ra6 f5 62. Bf3 e5 63. Re6 Kd7 64. Rxe5 Nc6 65. Rd5+ Kc7 66. Ke3
Rxb7 67. Rxf5 Rb3+ 68. Ke4 Rb4+ 69. Kd3 Nd8 70. Kc3 Ra4 71. Re5 Kd7 72. Kb3 Rf4
73. Re4 Rf6 74. Kc4 Ra6 75. Kd5 Ra2 76. Bg4+ Kc7 77. Re7+ Kb8 78. Rxg7 Rd2+ 79.
Kc4 Rc2+ 80. Kd4 Nc6+ 81. Kd5 Nb4+ 82. Kd6 Rd2+ 83. Ke6 Rxf2 84. Bf3 Rc2 85.
Rb7+ 1-0

[Event "FRA T II 20102011"]
[Site "FRA"]
[Date "2010.10.17"]
[Round "1.4"]
[White "Doebele, Victor"]
[Black "Ricroque, Jean Pierre"]
[Result "0-1"]
[WhiteElo "2001"]
[BlackElo "2060"]
[PlyCount "156"]
[EventDate "2010.11.13"]
[EventType "team-match"]
[EventRounds "9"]
[EventCountry "FRA"]
[Source "FFE"]
[SourceDate "2010.10.29"]

1. Nf3 d5 2. g3 g6 3. d4 Bg7 4. Bg2 Nd7 5. Nc3 Ngf6 6. O-O O-O 7. Bf4 c6 8. Re1
Qb6 9. Rb1 Ne4 10. Qd3 e5 11. Be3 Nxc3 12. dxe5 Nxe2+ 13. Rxe2 Qa5 14. Bd4 Qxa2
15. Rbe1 c5 16. e6 cxd4 17. exd7 Bxd7 18. b3 Qb2 19. Ne5 Bf5 20. Qd2 Rad8 21.
Rd1 Bxe5 22. Rxe5 Bxc2 23. Re2 d3 24. Qxd3 Bxd3 25. Rxb2 Be4 26. Rbd2 Bxg2 27.
Kxg2 Rfe8 28. Rxd5 Rxd5 29. Rxd5 Re6 30. Rb5 b6 31. Rd5 Re4 32. Rd7 a5 33. Rd5
Kf8 34. Kf3 Rb4 35. Rd3 b5 36. Kg2 Ke7 37. Kf3 Ke6 38. Ke2 g5 39. h3 h5 40. Kd2
Ke5 41. Kc2 Rd4 42. Rc3 f5 43. Rc5+ Rd5 44. Rc3 f4 45. g4 hxg4 46. hxg4 Kd4 47.
Kd2 f3 48. Re3 a4 49. bxa4 bxa4 50. Kc2 Kc4 51. Rxf3 Rd4 52. Kb2 Kb4 53. Rf8
Rxg4 54. Rb8+ Kc4 55. Rd8 Rd4 56. Rg8 g4 57. Ka3 Kd3 58. Rf8 Ke4 59. Rf7 Ke5
60. Re7+ Kf6 61. Re8 Rf4 62. Rf8+ Ke5 63. Re8+ Kd5 64. Rd8+ Ke4 65. Kxa4 Kf3+
66. Kb3 Kxf2 67. Rd2+ Ke1 68. Ra2 Rf3+ 69. Kc4 g3 70. Kd4 Kf1 71. Ke4 Rf8 72.
Ke3 Kg1 73. Ra7 Rf5 74. Ke2 g2 75. Rg7 Re5+ 76. Kf3 Rf5+ 77. Ke2 Rh5 78. Kf3
Rh2 0-1

[Event "FRA T II 20102011"]
[Site "FRA"]
[Date "2010.10.17"]
[Round "1.2"]
[White "Sochacki, Christophe"]
[Black "Pytel, Krzysztof"]
[Result "0-1"]
[WhiteElo "2393"]
[BlackElo "2351"]
[PlyCount "154"]
[EventDate "2010.11.13"]
[EventType "team-match"]
[EventRounds "9"]
[EventCountry "FRA"]
[Source "FFE"]
[SourceDate "2010.10.29"]

1. e4 d5 2. exd5 Qxd5 3. Nc3 Qd6 4. d4 Nf6 5. Nf3 c6 6. Be3 Bf5 7. Qd2 e6 8.
Be2 Nbd7 9. O-O Qc7 10. Bf4 Bd6 11. Bxd6 Qxd6 12. a4 O-O 13. Ra3 Rfd8 14. Nh4
Bg6 15. Nxg6 hxg6 16. Rd1 Nf8 17. Qe3 Nd5 18. Qe4 Nf6 19. Qh4 N8h7 20. Ne4 Nxe4
21. Qxe4 Qd5 22. Qxd5 cxd5 23. Rdd3 Rac8 24. Rdc3 Nf6 25. f3 Kf8 26. Rab3 Rxc3
27. Rxc3 Ke7 28. Kf2 Kd6 29. a5 g5 30. Rb3 Rd7 31. Ke3 Rc7 32. Kd2 Nh5 33. Rb5
Nf4 34. Bf1 f6 35. b3 Ng6 36. c4 dxc4 37. bxc4 Ne7 38. Kc3 Nd5+ 39. Kd2 Ne7 40.
Kc3 Nd5+ 41. Kd3 Ne7 42. Ke4 Nc6 43. c5+ Ke7 44. Bd3 Rd7 45. Ke3 Nxd4 46. Rb1
e5 47. Be4 Ne6 48. Rb5 Rc7 49. Bxb7 Rxc5 50. Ba6 Rxb5 51. Bxb5 Nc5 52. g3 Kd6
53. Bc4 f5 54. Kd2 Nd7 55. Bd3 f4 56. a6 Nc5 57. Be2 Kd5 58. Kc3 e4 59. gxf4
gxf4 60. Bc4+ Ke5 61. Kb4 Kd4 62. fxe4 Nxe4 63. Bf1 Nc3 64. Bg2 g5 65. h3 Nd5+
66. Ka5 Ke5 67. Bf3 Nb6 68. Bh1 Nc4+ 69. Ka4 Nd2 70. Ka3 f3 71. Kb2 f2 72. Bg2
f1=Q 73. Bxf1 Nxf1 74. Kc3 Ne3 75. Kd3 Nd5 76. Kc4 Nf4 77. h4 gxh4 0-1

[Event "FRA T II 20102011"]
[Site "FRA"]
[Date "2010.10.17"]
[Round "1.2"]
[White "Toulzac, Pierre Yves"]
[Black "Larrat, Philippe"]
[Result "0-1"]
[WhiteElo "2255"]
[BlackElo "2176"]
[PlyCount "148"]
[EventDate "2010.11.13"]
[EventType "team-match"]
[EventRounds "9"]
[EventCountry "FRA"]
[Source "FFE"]
[SourceDate "2010.10.29"]

1. b3 e5 2. Bb2 Nc6 3. e3 Bc5 4. Bb5 Nge7 5. d4 exd4 6. exd4 Bb4+ 7. c3 Bd6 8.
Nd2 O-O 9. Ne2 Ng6 10. Ne4 Be7 11. d5 Nce5 12. d6 cxd6 13. Nxd6 Qb6 14. Nxc8
Raxc8 15. Nd4 Bc5 16. O-O a6 17. Be2 Nf4 18. Nf5 Qg6 19. Ng3 Qc6 20. Bf3 Nh3+
21. Kh1 Nxf3 22. Qxf3 Qxf3 23. gxf3 Nxf2+ 24. Kg2 Nd3 25. Rab1 Rfe8 26. Rfd1
Re3 27. Bc1 Nf4+ 28. Kh1 Rxf3 29. Rxd7 h6 30. Bxf4 Rxf4 31. Rxb7 Rf2 32. Rf1
Rxa2 33. Rfxf7 Bf8 34. c4 Re8 35. Nf1 Rb2 36. Rf3 Bd6 37. Rb6 Bc7 38. Rxa6 Re1
39. h3 Reb1 40. Rc6 Be5 41. Re6 Bd4 42. Re8+ Kh7 43. Ref8 Bc5 44. R8f5 Bd4 45.
R5f4 Bc5 46. Rf5 Bd4 47. Rd5 Be3 48. Rd3 Bb6 49. Rd6 Bf2 50. Kg2 Bc5+ 51. Rd2
Rxd2+ 52. Nxd2 Rb2 53. Rd3 Bb4 54. Kf3 Rxd2 55. Rxd2 Bxd2 56. c5 g5 57. c6 Ba5
58. b4 Bb6 59. Ke4 h5 60. Kf5 Kh6 61. b5 Ba5 62. Ke5 g4 63. Kf4 Bc7+ 64. Ke4 g3
65. Kf3 h4 66. Kg2 Kg5 67. b6 Bxb6 68. c7 Bxc7 69. Kf3 Kf5 70. Kg2 Ke4 71. Kf1
Kf3 72. Kg1 Bb6+ 73. Kh1 g2+ 74. Kh2 g1=Q# 0-1

[Event "FRA T II 20102011"]
[Site "FRA"]
[Date "2010.11.14"]
[Round "3.2"]
[White "Eliet, Nicolas"]
[Black "Larino Nieto, David"]
[Result "1/2-1/2"]
[WhiteElo "2407"]
[BlackElo "2451"]
[PlyCount "141"]
[EventDate "2010.11.13"]
[EventType "team-match"]
[EventRounds "9"]
[EventCountry "FRA"]
[Source "FFE"]
[SourceDate "2010.10.29"]

1. c4 e6 2. Nc3 c5 3. Nf3 Nc6 4. g3 d5 5. cxd5 exd5 6. d4 Nf6 7. Bg2 Be7 8. O-O
O-O 9. dxc5 Bxc5 10. a3 Be6 11. b4 Be7 12. Bb2 Qd7 13. e3 Rfd8 14. Ne2 Bh3 15.
Qd3 Bxg2 16. Kxg2 Ne4 17. Nf4 Bf6 18. Bxf6 Nxf6 19. Rfd1 Qe7 20. Rac1 Rd7 21.
Nd4 Ne5 22. Qb3 Rad8 23. Kg1 Ne4 24. Rc2 Qf6 25. Rdc1 g5 26. Nd3 Nc4 27. Nc5
Nxc5 28. bxc5 Rc8 29. Qa4 Qd8 30. c6 Rdc7 31. cxb7 Rxb7 32. Rc3 Rc5 33. Qd1 Qf6
34. Qa4 Kg7 35. g4 h5 36. h3 hxg4 37. hxg4 Qe5 38. Qa6 Rb6 39. Qxa7 Ra5 40. Qd7
Ra8 41. Nf5+ Kf6 42. Rd3 Rh8 43. Ng3 Rd6 44. Qf5+ Qxf5 45. Nxf5 Rdd8 46. Rb1
Rhe8 47. Rb5 Ne5 48. Rdxd5 Rxd5 49. Rxd5 Nxg4 50. Nd6 Ra8 51. Ne4+ Ke6 52. Rd3
Ne5 53. Rb3 g4 54. Nc3 Nf3+ 55. Kg2 f5 56. a4 Kf6 57. Rb5 Rc8 58. Nd5+ Kg5 59.
Rb1 Rc2 60. Ra1 Nd2 61. a5 Ne4 62. Kg1 g3 63. fxg3 Kg4 64. Nb4 Rb2 65. Nd3 Rd2
66. a6 Kxg3 67. Nf4 Ng5 68. Nh5+ Kg4 69. a7 Nf3+ 70. Kf1 Nh2+ 71. Ke1 1/2-1/2

[Event "FRA T II 20102011"]
[Site "FRA"]
[Date "2010.11.13"]
[Round "2.6"]
[White "Plantet, Marc"]
[Black "Iasoni, Robert"]
[Result "0-1"]
[WhiteElo "1950"]
[BlackElo "2078"]
[PlyCount "136"]
[EventDate "2010.11.13"]
[EventType "team-match"]
[EventRounds "9"]
[EventCountry "FRA"]
[Source "FFE"]
[SourceDate "2010.10.29"]

1. e4 Nf6 2. Bc4 e5 3. Nf3 Nc6 4. Ng5 d5 5. exd5 Na5 6. Bb5+ c6 7. dxc6 bxc6 8.
Be2 Bd6 9. Nc3 O-O 10. d3 Qc7 11. Bd2 Bd7 12. h3 Nb7 13. O-O Be7 14. a3 h6 15.
Nge4 Nd5 16. Bf3 Be6 17. Ne2 Rad8 18. c4 Nb6 19. Qc2 f5 20. N4c3 Qd7 21. Nc1 e4
22. Be2 Nc5 23. Be3 exd3 24. Nxd3 Nxd3 25. Rad1 Bxc4 26. Bxb6 axb6 27. Bxd3
Bxd3 28. Qb3+ Kh8 29. Rfe1 Bc5 30. Na4 Qd4 31. Re3 Bc4 32. Rxd4 Bxb3 33. Rxd8
Bxa4 34. Rxf8+ Bxf8 35. b3 Bb5 36. a4 Ba6 37. Re8 Kg8 38. Ra8 Bd3 39. Rb8 b5
40. a5 b4 41. Rb6 c5 42. a6 Bxa6 43. Rxa6 Kf7 44. Kf1 Be7 45. Ke2 Bf6 46. Kd3
g5 47. Kc4 Bd4 48. f3 h5 49. Rd6 Be3 50. Rd5 Ke6 51. Rd8 Ke5 52. Kd3 Kf4 53.
Ke2 Bd4 54. Rg8 h4 55. Kd3 Bf6 56. Rf8 Bd4 57. Rf7 Bb2 58. Kc4 Bd4 59. Rf8 Be3
60. Re8 Bd4 61. Kd5 Kg3 62. Re2 Bf2 63. Re5 Kxg2 64. Rxf5 Be3 65. Ke4 Bf4 66.
Rxc5 Kxh3 67. Rb5 Kg2 68. Rxb4 h3 0-1

[Event "FRA T II 20102011"]
[Site "FRA"]
[Date "2010.11.13"]
[Round "2.1"]
[White "Pytel, Krzysztof"]
[Black "Etrog, Jonathan"]
[Result "1-0"]
[WhiteElo "2334"]
[BlackElo "2181"]
[PlyCount "133"]
[EventDate "2010.11.13"]
[EventType "team-match"]
[EventRounds "9"]
[EventCountry "FRA"]
[Source "FFE"]
[SourceDate "2010.10.29"]

1. Nf3 c5 2. e3 g6 3. d4 Bg7 4. Be2 Nf6 5. O-O O-O 6. b3 cxd4 7. exd4 d5 8. Bb2
Bf5 9. c4 Nc6 10. Na3 Ne4 11. Nc2 dxc4 12. bxc4 Nc5 13. Rb1 Na4 14. Ba1 Qc7 15.
Bd3 Bxd3 16. Qxd3 Nb6 17. Ne3 Rfd8 18. Qe4 e6 19. h4 Ne7 20. g4 h6 21. Rfc1
Rac8 22. Rb5 Qd7 23. Rcb1 Rc7 24. Ne5 Bxe5 25. Qxe5 Nc6 26. Qf6 Nxd4 27. Rd1 e5
28. Rxe5 Rc5 29. Qe7 Qxe7 30. Rxe7 Kf8 31. Rxb7 Nf3+ 32. Kg2 Rxd1 33. Nxd1 Ne1+
34. Kf1 Nc2 35. Bc3 Rxc4 36. Bf6 Nb4 37. Ne3 Rc1+ 38. Kg2 Nd3 39. Rxa7 Nc8 40.
Ra8 Ke8 41. Ra4 Nc5 42. Rd4 Ne6 43. Rd2 Nb6 44. Bb2 Rc5 45. Rc2 Rb5 46. Kg3 Rb4
47. Be5 Re4 48. Bc3 Ra4 49. Rb2 Ra6 50. Bb4 Ra8 51. a3 Rc8 52. Rd2 Rc1 53. Rd1
Rc8 54. f4 Rc6 55. f5 Nc7 56. Rd6 Rxd6 57. Bxd6 Nb5 58. Bb4 Kd7 59. Kf4 Kc6 60.
Bf8 Nd7 61. Bxh6 Nxa3 62. Bg7 Kd6 63. h5 gxh5 64. gxh5 Ke7 65. Nd5+ Ke8 66. h6
Nf8 67. Nc7+ 1-0